00622nam a2200193 i 450000100060000000300090000600500170001500700030003200800410003510000300007624501340010625000120024026000300025230000450028265100240032770000270035170000280037885200220040689491ES-MaACL20230906180204.0t|050111s1973 sp ||||1| spa d1 aLanza Alvarez, Francisco.10aRibadeo antiguo / cF. Lanza Alvarez ; prólogo de Antonio Villar Ponte ; ornamentación en boj y dibujos de A. Suárez Couto. a1ª ed. aMadrid : b[s.n., c1973] aXX, 354 p., 11 lám. : bil. ; c17 cm. 4aRibadeo-xHistoria.1 aVillar Ponte, Antonio.1 aSuárez Couto, Amando. aES-MaACLjC-53582